|
|
|
|
| LEADER |
00925nam a22001937a 4500 |
| 082 |
|
|
|a 398.27
|b BHA/M N3
|
| 100 |
|
|
|a ജി ഭാര്ഗ്ഗവന്പിള്ള
|9 196663
|
| 100 |
|
|
|a G Bhargavan Pillai
|9 196664
|
| 240 |
|
|
|a Mathilerikkanni Paniyalayil
|
| 245 |
|
|
|a മതിലേരിക്കന്നി പണിയാലയില്
|
| 250 |
|
|
|a 1st
|
| 260 |
|
|
|a Kottayam;
|b NBS;
|c 1993
|
| 300 |
|
|
|a 88p.
|
| 650 |
|
|
|a മലയാളം; നാടന്കല പഠനം
|9 196665
|
| 650 |
|
|
|a Malayalam; Folklore Study
|9 196666
|
| 942 |
|
|
|c BK
|
| 999 |
|
|
|c 59496
|d 59496
|
| 952 |
|
|
|0 0
|1 0
|4 0
|6 398_270000000000000_BHA_M_N3
|7 0
|8 FOLKS
|9 71331
|a MAL
|b MAL
|d 2016-08-04
|e 40216
|g 15.00
|l 0
|o 398.27 BHA/M N3
|p MAL040216
|r 2016-08-04
|t 1
|w 2016-08-04
|y BK
|
| 952 |
|
|
|0 0
|1 0
|4 0
|6 398_270000000000000_BHA_M_N31
|7 0
|8 FOLKS
|9 71332
|a MAL
|b MAL
|d 2016-11-18
|e 40215
|g 15.00
|l 0
|o 398.27 BHA/M N3;1
|p MAL040215
|r 2016-11-18
|t 2
|w 2016-11-18
|y BK
|